000 00520nam a22001697a 4500
008 170425b xxu||||| |||| 00| 0 eng d
020 _a9715501109
082 _21993
_aDFil 920
_bM31
100 _920201
_aManlapaz, Edna Z.
245 _aAngela Manalang Gloria:
_ba literary biography/
_cEdna Z. Manlapaz.
260 _aQuezon City:
_bADMU Press,
_c c1993.
300 _axvi, 176 pages;
_c23 cm.
500 _aIncludes index.
650 0 _920203
_aGloria, Angela Manalang.
365 _b286.00
_cPhp.
942 _2ddc
_cDFIL
999 _c6670
_d6670